Southville International School and Colleges
Your cart is empty.
  • Cart
  • Lists
    Public lists Eva Luna New books Lux_list list_1
    Your lists Log in to create your own lists
  • Log in to your account
  • Your cookies
  • Search history
Southville International School and Colleges
  • Advanced search
  • Recent comments
  • Most popular
  • Libraries

Log in to your account

Log in with GOOGLE


If you do not have an external account, but do have a local account, you can still log in:

  1. Home
  2. MARC view: The great book of masks:
Normal view MARC view ISBD view

The great book of masks: (Record no. 113901)

[ view plain ]
MARC details
000 -LEADER
fixed length control field 00688nam a2200193 a 4500
001 - CONTROL NUMBER
control field 3929
005 - DATE AND TIME OF LATEST TRANSACTION
control field 20140414132043.0
008 - FIXED-LENGTH DATA ELEMENTS--GENERAL INFORMATION
fixed length control field 040202s19uu xx 00 eng d
020 ## - INTERNATIONAL STANDARD BOOK NUMBER
International Standard Book Number 2-7641-0554-1
050 ## - LIBRARY OF CONGRESS CALL NUMBER
Classification number BB
Item number G75 1998
100 ## - MAIN ENTRY--PERSONAL NAME
Personal name Solyom, Catherine
245 ## - TITLE STATEMENT
Title The great book of masks:
Statement of responsibility, etc Catherine Solyom.
Remainder of title put on a mask and act out the story! /
260 ## - PUBLICATION, DISTRIBUTION, ETC. (IMPRINT)
Name of publisher, distributor, etc Tormont,
Date of publication, distribution, etc 1998.
Place of publication, distribution, etc Montreal, Canada :
300 ## - PHYSICAL DESCRIPTION
Extent 1 v. : ill. ; cm.
500 ## - GENERAL NOTE
General note Contents: Little Red Riding Hood--The Three Little Pigs--Hansel and Gretel--The Crow and the Fox--Puss in Boots--The Lion and the Mouse--The Wizard of Oz.
650 ## - SUBJECT ADDED ENTRY--TOPICAL TERM
Topical term or geographic name as entry element Masks.
650 ## - SUBJECT ADDED ENTRY--TOPICAL TERM
Topical term or geographic name as entry element Children stories.
Holdings
Withdrawn status Lost status Damaged status Home library Current library Shelving location Date acquired Source of acquisition Total Checkouts Full call number Barcode Date last seen Price effective from Koha item type
      Munich Library Munich Library Big Books Section 02/02/2004     BB G75 1998 M5561 04/14/2014 04/14/2014 Books

The great book of masks:

APA

Solyom C., . (1998). The great book of masks. Montreal, Canada: Tormont.

Chicago

Solyom Catherine, . 1998. The great book of masks. Montreal, Canada: Tormont.

Harvard

Solyom C., . (1998). The great book of masks. Montreal, Canada: Tormont.

MLA

Solyom Catherine, . The great book of masks. Montreal, Canada: Tormont. 1998.

  • Place hold
  • Print
  • Cite
  • Add to your cart (remove)
  • Save record
    BIBTEX Dublin Core MARCXML MARC (non-Unicode/MARC-8) MARC (Unicode/UTF-8) MARC (Unicode/UTF-8, Standard) MODS (XML) RIS
  • More searches
    Search for this title in:
    Other Libraries (WorldCat) Other Databases (Google Scholar) Online Stores (Bookfinder.com) Open Library (openlibrary.org)

Exporting to Dublin Core...

SOUTHVILLE LIBRARY

Southville International School and Colleges Library

1281 Tropical Ave. Cor. Luxembourg St., BF Homes International, Las Pinas City

Tel. No. 8256374 / 252358 Loc. 117/146

Powered by Koha